Southville International School and Colleges
Your cart is empty.
  • Cart
  • Lists
    Public lists Eva Luna New books Lux_list list_1
    Your lists Log in to create your own lists
  • Log in to your account
  • Your cookies
  • Search history
Southville International School and Colleges
  • Advanced search
  • Recent comments
  • Most popular
  • Libraries

Log in to your account

Log in with GOOGLE


If you do not have an external account, but do have a local account, you can still log in:

  1. Home
  2. MARC view: Strategic innovation management /
Normal view MARC view ISBD view

Strategic innovation management / (Record no. 288342)

[ view plain ]
MARC details
000 -LEADER
fixed length control field 01375cam a22003257i 4500
001 - CONTROL NUMBER
control field 17967456
003 - CONTROL NUMBER IDENTIFIER
control field PILC
005 - DATE AND TIME OF LATEST TRANSACTION
control field 20150805151004.0
008 - FIXED-LENGTH DATA ELEMENTS--GENERAL INFORMATION
fixed length control field 131209s2014 nju 001 0 eng
010 ## - LIBRARY OF CONGRESS CONTROL NUMBER
LC control number 2013047070
020 ## - INTERNATIONAL STANDARD BOOK NUMBER
International Standard Book Number 9781118457238 (pbk.)
020 ## - INTERNATIONAL STANDARD BOOK NUMBER
Cancelled/invalid ISBN 9781118863336 (ebk)
040 ## - CATALOGING SOURCE
Original cataloging agency DLC
Language of cataloging eng
Transcribing agency DLC
Description conventions rda
Modifying agency DLC
042 ## - AUTHENTICATION CODE
Authentication code pcc
050 00 - LIBRARY OF CONGRESS CALL NUMBER
Classification number HD 30.2
Item number .T495 2014
082 00 - DEWEY DECIMAL CLASSIFICATION NUMBER
Classification number 658.4/063
100 1# - MAIN ENTRY--PERSONAL NAME
Personal name Tidd, Joe,
Dates associated with a name 1960-
245 10 - TITLE STATEMENT
Title Strategic innovation management /
Statement of responsibility, etc Joe Tidd and John Bessant.
260 ## - PUBLICATION, DISTRIBUTION, ETC. (IMPRINT)
Place of publication, distribution, etc United Kingdom :
Name of publisher, distributor, etc Wiley,
Date of publication, distribution, etc 2014.
300 ## - PHYSICAL DESCRIPTION
Extent xviii, 417 pages :
Dimensions 24 cm
Other physical details illustrations ;
500 ## - GENERAL NOTE
General note Includes index.
505 0# - FORMATTED CONTENTS NOTE
Formatted contents note About the authors -- Preface -- How to use this book -- Foundations of managing innovation -- Innovation : what it is and why it matters -- Innovation strategy -- Identifying strategic capabilities -- Leadership and organization of innovation -- Index.
650 #0 - SUBJECT ADDED ENTRY--TOPICAL TERM
Topical term or geographic name as entry element Management
General subdivision Technological innovations.
650 #0 - SUBJECT ADDED ENTRY--TOPICAL TERM
Topical term or geographic name as entry element Strategic planning.
700 1# - ADDED ENTRY--PERSONAL NAME
Personal name Bessant, J. R.
776 08 - ADDITIONAL PHYSICAL FORM ENTRY
Display text Online version:
Main entry heading Tidd, Joseph, 1960-
Title Strategic innovation management
Place, publisher, and date of publication Hoboken : Wiley, 2014
International Standard Book Number 9781118863381
Record control number (DLC) 2013049412
906 ## - LOCAL DATA ELEMENT F, LDF (RLIN)
a 7
b cbc
c orignew
d 1
e ecip
f 20
g y-gencatlg
942 ## - ADDED ENTRY ELEMENTS (KOHA)
Source of classification or shelving scheme Library of Congress Classification
Koha item type Books
Call number prefix Foreign
Holdings
Withdrawn status Lost status Source of classification or shelving scheme Damaged status Home library Current library Shelving location Date acquired Source of acquisition Cost, normal purchase price Sub Shelving location Total Checkouts Total Renewals Full call number Barcode Date last seen Date checked out Price effective from Koha item type
    Library of Congress Classification   College Library College Library Reserve Section 08/05/2015 Library Fund 4058.00   2 1 HD 30.2 .T495 2014 C19663 12/16/2025 09/02/2025 08/05/2015 Books

Strategic innovation management /

APA

Tidd J., Bessant J. R., . (2014). Strategic innovation management. United Kingdom: Wiley.

Chicago

Tidd Joe, Bessant J R, . 2014. Strategic innovation management. United Kingdom: Wiley.

Harvard

Tidd J., Bessant J. R., . (2014). Strategic innovation management. United Kingdom: Wiley.

MLA

Tidd Joe, Bessant J R, . Strategic innovation management. United Kingdom: Wiley. 2014.

  • Place hold
  • Print
  • Cite
  • Add to your cart (remove)
  • Save record
    BIBTEX Dublin Core MARCXML MARC (non-Unicode/MARC-8) MARC (Unicode/UTF-8) MARC (Unicode/UTF-8, Standard) MODS (XML) RIS
  • More searches
    Search for this title in:
    Other Libraries (WorldCat) Other Databases (Google Scholar) Online Stores (Bookfinder.com) Open Library (openlibrary.org)

Exporting to Dublin Core...

SOUTHVILLE LIBRARY

Southville International School and Colleges Library

1281 Tropical Ave. Cor. Luxembourg St., BF Homes International, Las Pinas City

Tel. No. 8256374 / 252358 Loc. 117/146

Powered by Koha